| 000 | 00846cam a2200313 a 4500 | ||
|---|---|---|---|
| 001 | 214138 | ||
| 003 | ARRUPE | ||
| 005 | 20160318114613.0 | ||
| 008 | 840328s1980 bg 000 0 eng | ||
| 010 | _a 80904767 | ||
| 020 | _cTk60.00 | ||
| 035 | _a(OCoLC)7773626 | ||
| 035 | _a(OCoLC)ocm07773626 | ||
| 035 | _a(CStRLIN)NYCG84-B19697 | ||
| 035 | _a(NNC)214138 | ||
| 040 |
_aDLC/DGPO _dCStRLIN _cDCL |
||
| 043 | _aa-bg--- | ||
| 050 | 0 |
_aDS395.5 _b.B318 |
|
| 082 | 0 |
_a954.9/205 _219 |
|
| 090 |
_aDS395.5 _b.B318 |
||
| 100 | 1 |
_aUmara, Badaruddīna, _d1931- _922986 |
|
| 245 | 1 | 0 |
_aTowards the emergency / _cBadruddin Umar. |
| 250 | _a1st ed. | ||
| 260 |
_aDacca : _bMuktadhara, _c1980. |
||
| 300 |
_a171 p. ; _c22 cm. |
||
| 651 | 0 |
_aBangladesh _xPolitics and government _y1971- _922987 |
|
| 942 |
_2lcc _cMONOGRAPH |
||
| 999 |
_c124387 _d124387 |
||